000 00500nam a22001697a 4500
999 _c347456
_d347456
003 0
005 20221223141742.0
020 _a9788180313714
082 _aH 891.4315
_bYAS
100 _aYashpal
245 _aDada Kamred
260 _aLokbharti Prakashan
_bAllahabad
_c2020
300 _a136 p.
520 _aदादा कामरेड हिन्दी मे रोमैन्स और राजनीति का मिश्रण है।
650 _aHindi-Novel
942 _cB